000 00246nam a22001217a 4500
008 170822b xxu||||| |||| 00| 0 eng d
041 _aeng
080 _a51
100 _a37
101 _aMAT
245 _aPREALGEBRA
_cBLAIR,C
942 _2udc
_cBK
999 _c24437
_d24437